[Event "Jean-Pierre Roy mem"]
[Site "Hull CAN"]
[Date "2000.11.12"]
[Round "4"]
[White "Gagnon, Fabien"]
[Black "Rose, Richard"]
[Result "1-0"]
[WhiteElo "2054"]
[BlackElo "1815"]
[PlyCount "101"]
[GameId "2160767911635677"]
[EventDate "2000.11.21"]
[EventType "tourn"]
[EventRounds "5"]
[EventCountry "CAN"]

1. d4 Nf6 2. Nf3 d5 3. g3 g6 4. Bg2 Bg7 5. O-O O-O 6. c4 c6 7. b3 Re8 8. Bb2 b6 9. Nbd2 Bb7 10. Qc2 Nbd7 11. Ne5 Nxe5 12. dxe5 Ng4 13. Nf3 Qb8 14. Qc3 dxc4 15. h3 Nh6 16. Qxc4 c5 17. e4 Qc8 18. Rfd1 Rd8 19. Ne1 Qc6 20. b4 cxb4 21. Qxb4 Qe6 22. Qb3 Qxb3 23. axb3 a6 24. f4 e6 25. Bd4 b5 26. Bb6 Rxd1 27. Rxd1 Bf8 28. Rd7 Bc6 29. Rc7 Be8 30. Ba5 Kg7 31. f5 Ra7 32. Rc8 Bd7 33. f6+ Kg8 34. Rd8 Bc6 35. g4 Rd7 36. Rxd7 Bxd7 37. g5 Bc6 38. Nd3 Kh8 39. gxh6 Bxh6 40. Kf2 Bf8 41. Bb4 Kg8 42. Bxf8 Kxf8 43. b4 Bb7 44. Ke3 Ke8 45. Kd4 Kd8 46. Kc5 Kc7 47. Nf4 Bc8 48. h4 Bd7 49. Bh3 Kd8 50. Kb6 Bc8 51. Nd3 1-0

[Event "Jean-Pierre Roy mem"]
[Site "Hull CAN"]
[Date "2000.12.12"]
[Round "4"]
[White "Cote, Jacques"]
[Black "Arsenault, Michel"]
[Result "1/2-1/2"]
[WhiteElo "2093"]
[BlackElo "1960"]
[PlyCount "123"]
[GameId "2160767911635678"]
[EventDate "2000.11.21"]
[EventType "tourn"]
[EventRounds "5"]
[EventCountry "CAN"]

1. f4 Nf6 2. Nf3 g6 3. b3 Bg7 4. Bb2 O-O 5. e3 d6 6. Be2 Nc6 7. Na3 e5 8. fxe5 Ng4 9. O-O dxe5 10. h3 Nh6 11. Bb5 Qe7 12. Nc4 e4 13. Bxg7 Kxg7 14. Bxc6 bxc6 15. Nd4 c5 16. Ne2 Ba6 17. Nb2 Nf5 18. c4 Rfd8 19. Qc2 Qe5 20. Rf4 Bb7 21. Nc3 Rd7 22. Raf1 Rad8 23. Nxe4 Bxe4 24. Rxe4 Qd6 25. Qc3+ Kg8 26. Rf2 Ng3 27. Re5 f5 28. d3 Qf6 29. Re8+ Kf7 30. Qxf6+ Kxf6 31. Rxd8 Rxd8 32. Kh2 Nh5 33. g4 Ng7 34. gxf5 gxf5 35. Kg3 Ne6 36. h4 Rg8+ 37. Kh3 Rg1 38. Rd2 Re1 39. Nd1 h5 40. Kg2 f4 41. Kf3 Rh1 42. exf4 Rxh4 43. Nc3 Rxf4+ 44. Ke3 Rh4 45. Ne4+ Ke5 46. Rg2 Rh3+ 47. Kd2 Rxd3+ 48. Kxd3 Nf4+ 49. Kd2 Nxg2 50. Nxc5 Nf4 51. Ke3 Kf5 52. Kf3 Ng6 53. Na6 c6 54. Nb8 Ne5+ 55. Kg3 Kg5 56. c5 h4+ 57. Kh3 a5 58. a3 Kf5 59. b4 axb4 60. axb4 Ke6 61. Kxh4 Kd5 62. Nxc6 1/2-1/2

[Event "Jean-Pierre Roy mem"]
[Site "Hull CAN"]
[Date "2000.12.12"]
[Round "4"]
[White "Thomann, Olivier"]
[Black "Laurin, Jacques"]
[Result "1/2-1/2"]
[WhiteElo "1773"]
[BlackElo "2028"]
[PlyCount "131"]
[GameId "2160767911635679"]
[EventDate "2000.11.21"]
[EventType "tourn"]
[EventRounds "5"]
[EventCountry "CAN"]

1. e4 g6 2. d4 Bg7 3. Be3 Nf6 4. f3 O-O 5. Bc4 c6 6. Nc3 b5 7. Bb3 b4 8. Nce2 d5 9. Ng3 dxe4 10. Nxe4 Nd5 11. Bxd5 cxd5 12. Ng3 f5 13. N1e2 Nc6 14. O-O Ba6 15. Re1 Qb6 16. Qd2 Rad8 17. c3 Na5 18. Bh6 Nc4 19. Qc1 e5 20. Bxg7 Kxg7 21. b3 Na3 22. cxb4 f4 23. Qxa3 fxg3 24. Nxg3 Qxd4+ 25. Kh1 Bd3 26. b5 Rd7 27. Rad1 Rc8 28. Ne2 Qf2 29. Qb2 d4 30. Qd2 Bxb5 31. Ng3 Qxd2 32. Rxd2 Rd5 33. Kg1 d3 34. Kf2 Rc2 35. Red1 a5 36. Ke3 a4 37. bxa4 Bc4 38. Ne4 Rd4 39. Nf2 Bxa2 40. Nxd3 Bb3 41. Rxc2 Bxc2 42. Rd2 Bxd3 43. Rxd3 Rxa4 44. g3 Kf6 45. h4 h5 46. Rd8 Ra2 47. Rd2 Ra1 48. Rg2 Re1+ 49. Kd2 Ra1 50. Ke3 g5 51. hxg5+ Kxg5 52. Rd2 Kf5 53. Rd8 Ra3+ 54. Rd3 Ra2 55. Rd2 Ra4 56. Rd8 Ra1 57. Rd2 Rh1 58. Rg2 h4 59. gxh4 Rxh4 60. Rg8 Ra4 61. Rf8+ Ke6 62. Re8+ Kf6 63. Rf8+ Ke7 64. Rf5 Ke6 65. Rf8 Ra3+ 66. Ke4 1/2-1/2

[Event "Jean-Pierre Roy mem"]
[Site "Hull CAN"]
[Date "2000.11.28"]
[Round "5"]
[White "Cote, Jacques"]
[Black "Rose, Richard1"]
[Result "1-0"]
[WhiteElo "2094"]
[BlackElo "1826"]
[PlyCount "87"]
[GameId "2160767911635680"]
[EventDate "2000.11.21"]
[EventType "tourn"]
[EventRounds "5"]
[EventCountry "CAN"]
[SourceTitle "EXT 2005"]
[Source "ChessBase"]
[SourceDate "2004.11.15"]
[SourceVersion "1"]
[SourceVersionDate "2004.11.15"]
[SourceQuality "1"]

1. e4 c6 2. d4 d5 3. e5 Bf5 4. Nc3 e6 5. g4 Bg6 6. Bg2 Nd7 7. Nge2 f6 8. Nf4 Bf7 9. exf6 Qxf6 10. Be3 Bb4 11. O-O h6 12. Nd3 Bd6 13. f4 O-O-O 14. b4 Nb6 15. Kh1 Nc4 16. Bg1 Bg6 17. b5 Ne7 18. bxc6 bxc6 19. Ne5 Bxe5 20. dxe5 Qf7 21. Bxa7 h5 22. Rb1 hxg4 23. Na4 Kd7 24. Rb7+ Ke8 25. Bc5 Rd7 26. Rb8+ Rd8 27. Rb7 Rd7 28. Rxd7 Kxd7 29. Qxg4 Bxc2 30. Nb6+ Kc7 31. Nxc4 dxc4 32. Qf3 Nd5 33. Qa3 Qh5 34. h3 Bd3 35. Qa7+ Kc8 36. Qa6+ Kd7 37. Qb7+ Kd8 38. Qb8+ Kd7 39. Qd6+ Kc8 40. Qxe6+ Kb7 41. Qd7+ Nc7 42. Qxc6+ Kc8 43. Bb6 Qf7 44. Qb7+ 1-0

[Event "Jeudis du Specialiste"]
[Site "Montreal CAN"]
[Date "2000.04.27"]
[Round "3"]
[White "Rashev, Nick"]
[Black "Mathews, Theo"]
[Result "0-1"]
[WhiteElo "2025"]
[BlackElo "1737"]
[PlyCount "54"]
[GameId "2160767911724684"]
[EventDate "2000.04.13"]
[EventType "tourn"]
[EventRounds "3"]
[EventCountry "CAN"]

1. d4 d5 2. e4 e6 3. Be3 dxe4 4. Nd2 Nf6 5. f3 Nd5 6. Qe2 Nxe3 7. Qxe3 exf3 8. Ngxf3 Be7 9. Bd3 Nc6 10. c3 O-O 11. O-O Bf6 12. Ne4 Be7 13. Rae1 h6 14. Ne5 Nxe5 15. dxe5 b6 16. Nf6+ gxf6 17. Qxh6 Qxd3 18. Rf3 Qh7 19. Rg3+ Kh8 20. Qf4 fxe5 21. Rxe5 f6 22. Rh3 fxe5 23. Qxe5+ Bf6 24. Rxh7+ Kxh7 25. Qe4+ Kg7 26. Qxa8 Bd4+ 27. cxd4 Ba6 0-1

[Event "Jonquiere"]
[Site "Jonquiere CAN"]
[Date "2000.04.29"]
[Round "2"]
[White "Jobin, Rock"]
[Black "Fortier, Marc-Andre"]
[Result "0-1"]
[WhiteElo "1649"]
[BlackElo "2109"]
[PlyCount "98"]
[GameId "2160767911741586"]
[EventDate "2000.??.??"]
[EventCountry "CAN"]

1. d4 Nf6 2. c4 g6 3. Nc3 Bg7 4. e4 d6 5. f3 O-O 6. Be3 e5 7. d5 Nbd7 8. Nge2 a6 9. g4 Ne8 10. Ng3 c5 11. Qd2 Qa5 12. Rg1 f6 13. Bh6 Rf7 14. Bxg7 Rxg7 15. Bd3 Rb8 16. Kf2 b5 17. cxb5 axb5 18. a3 c4 19. Bc2 Qb6+ 20. Qe3 Qxe3+ 21. Kxe3 Nc5 22. h4 Rgb7 23. Rgc1 Bd7 24. g5 b4 25. axb4 Rxb4 26. Nd1 Ba4 27. Bxa4 Nxa4 28. gxf6 Nxf6 29. Ra3 Nd7 30. Ne2 Ndc5 31. Nec3 Nxb2 32. Nxb2 Rxb2 33. Nd1 R2b3+ 34. Rc3 Rxa3 35. Rxa3 Rb3+ 36. Rxb3 cxb3 37. Nb2 Kg7 38. Kf2 g5 39. Kg3 Kg6 40. Kg4 h5+ 41. Kg3 gxh4+ 42. Kxh4 Kh6 43. Nd1 Na4 44. Kg3 b2 45. Nxb2 Nxb2 46. f4 exf4+ 47. Kxf4 Kg6 48. Kf3 Nc4 49. Kf4 Ne5 0-1

[Event "Kent Oliver mem"]
[Site "Winnipeg CAN"]
[Date "2000.01.07"]
[Round "1"]
[White "Kaptsan, Aron"]
[Black "Xia, Yanchong"]
[Result "0-1"]
[WhiteElo "2108"]
[BlackElo "1768"]
[PlyCount "74"]
[GameId "2160767911741513"]
[EventDate "2000.01.07"]
[EventType "swiss"]
[EventRounds "5"]
[EventCountry "CAN"]

1. d4 Nf6 2. c4 g6 3. Nc3 Bg7 4. e4 d6 5. Be2 O-O 6. Nf3 Na6 7. O-O e5 8. d5 Nc5 9. Qc2 a5 10. Bg5 h6 11. Bh4 g5 12. Bg3 Nh5 13. Nd2 Nf4 14. Rfe1 f5 15. exf5 Bxf5 16. Nde4 Qe8 17. Bf1 Qg6 18. Kh1 g4 19. Rad1 h5 20. Bh4 Qh7 21. b3 Bh6 22. f3 Rf7 23. Bf2 Nxe4 24. fxe4 Bd7 25. Be3 Raf8 26. Qd2 Bg7 27. c5 h4 28. cxd6 cxd6 29. Bb6 g3 30. h3 Qh5 31. Be2 Qg6 32. Rf1 Bxh3 33. Rxf4 Bxg2+ 34. Kxg2 exf4 35. Bf3 h3+ 36. Kg1 Bxc3 37. Qxc3 g2 0-1

[Event "Kent Oliver mem"]
[Site "Winnipeg CAN"]
[Date "2000.01.07"]
[Round "1"]
[White "Lafreniere, Adrian"]
[Black "Gushuliak, Justin"]
[Result "0-1"]
[WhiteElo "1737"]
[BlackElo "2097"]
[PlyCount "48"]
[GameId "2160767911741515"]
[EventDate "2000.01.07"]
[EventType "swiss"]
[EventRounds "5"]
[EventCountry "CAN"]

1. d4 Nf6 2. c4 c5 3. Nf3 cxd4 4. Nxd4 e6 5. Nc3 Nc6 6. Nxc6 bxc6 7. Bd2 d5 8. cxd5 cxd5 9. e3 Bd7 10. Bb5 Bd6 11. O-O Bxh2+ 12. Kxh2 Qb8+ 13. g3 Bxb5 14. Nxb5 Qxb5 15. Bc3 Ke7 16. Be5 h5 17. Kg2 h4 18. Rh1 hxg3 19. Rxh8 Rxh8 20. fxg3 d4 21. Qxd4 Qe2+ 22. Kg1 Qh2+ 23. Kf1 Qh1+ 24. Ke2 Qg2+ 0-1

[Event "Kent Oliver mem"]
[Site "Winnipeg CAN"]
[Date "2000.01.07"]
[Round "1"]
[White "Langner, David"]
[Black "Gibson, Kris"]
[Result "1-0"]
[WhiteElo "2249"]
[BlackElo "1832"]
[PlyCount "107"]
[GameId "2160767911741516"]
[EventDate "2000.01.07"]
[EventType "swiss"]
[EventRounds "5"]
[EventCountry "CAN"]

1. e4 c5 2. Nf3 e6 3. d4 cxd4 4. Nxd4 a6 5. Bd3 Nc6 6. Nxc6 bxc6 7. O-O Bd6 8. f4 Bc5+ 9. Kh1 Qh4 10. Nd2 Nf6 11. Nf3 Qh5 12. Qe2 Ng4 13. h3 O-O 14. e5 Nh6 15. Qe4 Nf5 16. Kh2 d5 17. Qe1 Nh6 18. g3 f5 19. Kg2 Rb8 20. Qc3 Ba7 21. Qxc6 Rb6 22. Qc3 Bb7 23. Nd4 Rc8 24. Qe1 Rbc6 25. c3 Rb6 26. Rb1 Rb4 27. Be3 Bxd4 28. Bxd4 Ra4 29. a3 Rcc4 30. Qe2 Qxe2+ 31. Bxe2 Rxd4 32. cxd4 Rxd4 33. Rfd1 Re4 34. Bf3 Re3 35. Rd4 Bc6 36. Kf2 Rb3 37. Rb4 Rxb4 38. axb4 Kf8 39. Rc1 Bb5 40. Be2 Ng8 41. Bxb5 axb5 42. Rc5 Ne7 43. Rxb5 d4 44. Rb6 Nd5 45. Rd6 Nxb4 46. Rxd4 Nc6 47. Rd6 Nb4 48. Rxe6 Nd3+ 49. Ke2 Nxb2 50. Rc6 Ke7 51. Kd2 Kd7 52. Rd6+ Kc7 53. Rd4 Kc6 54. e6 1-0

[Event "Kent Oliver mem"]
[Site "Winnipeg CAN"]
[Date "2000.01.07"]
[Round "1"]
[White "Nikouline, Alexandre"]
[Black "Klokow, John"]
[Result "1-0"]
[WhiteElo "2085"]
[BlackElo "1757"]
[PlyCount "73"]
[GameId "2160767911741517"]
[EventDate "2000.01.07"]
[EventType "swiss"]
[EventRounds "5"]
[EventCountry "CAN"]

1. e4 e5 2. Nf3 Nc6 3. Bb5 f5 4. exf5 e4 5. Qe2 Nf6 6. d3 d5 7. dxe4 dxe4 8. Ne5 Qd5 9. Bf4 Bxf5 10. O-O Bd6 11. Nc3 Qc5 12. Na4 Bg4 13. Nxc5 Bxe2 14. Bxe2 Bxe5 15. Bxe5 Nxe5 16. Nxb7 Rb8 17. Ba6 Kd7 18. Nc5+ Kc6 19. Na4 Rhf8 20. c4 Nd3 21. b3 Ng4 22. Rad1 Ngxf2 23. Bb5+ Kb7 24. Rxf2 Nxf2 25. Nc5+ Kb6 26. Nd7+ Kb7 27. Re1 c6 28. Nxb8 cxb5 29. Nd7 Rf7 30. Nc5+ Kc6 31. Nxe4 Nxe4 32. Rxe4 bxc4 33. Rxc4+ Kd5 34. h3 Rf6 35. Rc7 Ra6 36. Rxg7 Rxa2 37. Rxh7 1-0

[Event "Kent Oliver mem"]
[Site "Winnipeg CAN"]
[Date "2000.01.07"]
[Round "1"]
[White "Wierda, John"]
[Black "Babb, Jeff"]
[Result "0-1"]
[WhiteElo "1777"]
[BlackElo "2230"]
[PlyCount "62"]
[GameId "2160767911741519"]
[EventDate "2000.01.07"]
[EventType "swiss"]
[EventRounds "5"]
[EventCountry "CAN"]

1. Nf3 Nc6 2. g3 d5 3. c4 d4 4. Bg2 Nf6 5. O-O Bg4 6. d3 g6 7. Qa4 Nd7 8. b4 a6 9. a3 Bg7 10. Nbd2 O-O 11. Qc2 Nde5 12. Bb2 Nxf3+ 13. Nxf3 Qd7 14. Rfb1 e5 15. Bc1 Bh3 16. a4 Bxg2 17. Kxg2 a5 18. b5 Nb4 19. Qb3 Rfe8 20. Nd2 f5 21. Ba3 Bf8 22. f3 Bc5 23. Qd1 Qe7 24. Nb3 Nxd3 25. Nxc5 Nxc5 26. b6 c6 27. Ra2 Red8 28. Rd2 Rd7 29. Rd3 Re8 30. e3 Red8 31. Qe1 Nxd3 0-1

[Event "Kent Oliver mem"]
[Site "Winnipeg CAN"]
[Date "2000.01.08"]
[Round "2"]
[White "Babb, Jeff"]
[Black "Gustafson, Dale"]
[Result "1-0"]
[WhiteElo "2140"]
[BlackElo "2036"]
[PlyCount "51"]
[GameId "2160767911741520"]
[EventDate "2000.01.07"]
[EventType "swiss"]
[EventRounds "5"]
[EventCountry "CAN"]
[SourceTitle "EXT 2001"]
[Source "ChessBase"]
[SourceDate "2000.11.22"]
[SourceVersion "1"]
[SourceVersionDate "2000.11.22"]
[SourceQuality "1"]

1. e4 d5 2. Nc3 d4 3. Nce2 g6 4. d3 Bg7 5. g3 Nc6 6. Bg2 e5 7. f4 Nge7 8. Nf3 exf4 9. gxf4 f5 10. O-O O-O 11. e5 h6 12. Qe1 Be6 13. Qf2 Bd5 14. Nexd4 Qd7 15. Nxc6 Nxc6 16. Be3 Rfd8 17. Kh1 b6 18. c4 Bf7 19. Rfd1 Rab8 20. a3 a5 21. Rac1 Ne7 22. d4 Qa4 23. d5 Be8 24. Nd4 Bd7 25. Bf3 Bc8 26. Nb5 1-0

[Event "Kent Oliver mem"]
[Site "Winnipeg CAN"]
[Date "2000.01.08"]
[Round "2"]
[White "Gibson, Kris"]
[Black "Klokow, John"]
[Result "0-1"]
[WhiteElo "1832"]
[BlackElo "1757"]
[PlyCount "24"]
[GameId "2160767911741521"]
[EventDate "2000.01.07"]
[EventType "swiss"]
[EventRounds "5"]
[EventCountry "CAN"]

1. e4 e5 2. d4 exd4 3. Nf3 Nc6 4. Bc4 Bc5 5. O-O d6 6. Re1 Ne5 7. Nxe5 dxe5 8. Qh5 Qe7 9. Bg5 Nf6 10. Bxf6 Qxf6 11. f4 Qxf4 12. Rf1 d3+ 0-1

[Event "Kent Oliver mem"]
[Site "Winnipeg CAN"]
[Date "2000.01.08"]
[Round "2"]
[White "Gushuliak, Justin"]
[Black "Lukic, Luka"]
[Result "1/2-1/2"]
[WhiteElo "2097"]
[BlackElo "1952"]
[PlyCount "69"]
[GameId "2160767911741522"]
[EventDate "2000.01.07"]
[EventType "swiss"]
[EventRounds "5"]
[EventCountry "CAN"]

1. e4 d6 2. d4 Nf6 3. Nc3 g6 4. Nf3 Bg7 5. h3 O-O 6. Be3 Nbd7 7. Bc4 e5 8. dxe5 dxe5 9. O-O c6 10. a3 Qc7 11. Qe2 Nh5 12. Rad1 Nf4 13. Qd2 Nb6 14. Bb3 Bf6 15. Qd6 Qxd6 16. Rxd6 Kg7 17. Rfd1 Be7 18. R6d2 f6 19. Bxf4 exf4 20. Ne2 g5 21. Ned4 Kg6 22. Ne6 Bxe6 23. Bxe6 Rfd8 24. Nd4 Rd6 25. Bf5+ Kf7 26. b3 h5 27. c3 Rad8 28. c4 c5 29. Nf3 Rxd2 30. Rxd2 Rxd2 31. Nxd2 Na8 32. Bc8 b6 33. Bb7 Nc7 34. f3 Ke6 35. Kf2 1/2-1/2

[Event "Kent Oliver mem"]
[Site "Winnipeg CAN"]
[Date "2000.01.08"]
[Round "2"]
[White "Lafreniere, Adrian"]
[Black "Kaptsan, Aron"]
[Result "0-1"]
[WhiteElo "1737"]
[BlackElo "2108"]
[PlyCount "76"]
[GameId "2160767911741523"]
[EventDate "2000.01.07"]
[EventType "swiss"]
[EventRounds "5"]
[EventCountry "CAN"]

1. e4 e5 2. Nf3 Nc6 3. d4 exd4 4. Nxd4 g6 5. Nc3 Bg7 6. Be3 Nge7 7. Be2 O-O 8. O-O d5 9. exd5 Nb4 10. Bc4 Nbxd5 11. Nxd5 Nxd5 12. Bxd5 Qxd5 13. c3 a6 14. Qf3 Qxf3 15. Nxf3 Be6 16. Bd4 Rad8 17. Rfe1 Rfe8 18. b3 c5 19. Bxg7 Kxg7 20. h3 Bd5 21. Rxe8 Rxe8 22. Re1 Rxe1+ 23. Nxe1 Be4 24. f3 Bb1 25. a3 Ba2 26. b4 cxb4 27. axb4 Kf6 28. Kf2 Ke6 29. Ke3 Kd5 30. Nd3 b6 31. Nb2 a5 32. bxa5 bxa5 33. Kd3 Bb1+ 34. Kd2 Kc5 35. Kc1 Ba2 36. Nd3+ Kc4 37. Kb2 Kxd3 38. Kxa2 Kxc3 0-1

[Event "Kent Oliver mem"]
[Site "Winnipeg CAN"]
[Date "2000.01.08"]
[Round "2"]
[White "Sadov, Sergey"]
[Black "Langner, David"]
[Result "0-1"]
[WhiteElo "2073"]
[BlackElo "2249"]
[PlyCount "80"]
[GameId "2160767911741524"]
[EventDate "2000.01.07"]
[EventType "swiss"]
[EventRounds "5"]
[EventCountry "CAN"]

1. Nf3 d6 2. d4 Nf6 3. Bg5 Nbd7 4. Nc3 c6 5. g3 h6 6. Bc1 e5 7. Bg2 Be7 8. O-O O-O 9. e4 Re8 10. a4 a5 11. h3 Bf8 12. b3 Qc7 13. Bb2 g6 14. Qd2 exd4 15. Nxd4 Nc5 16. Rfe1 Bg7 17. Rad1 Bd7 18. Re3 Rad8 19. Qe1 Bc8 20. Ba3 Nfd7 21. f4 Qb6 22. Kh2 Na6 23. Nf3 Nb4 24. Qe2 Nxc2 25. Red3 Nb4 26. Rxd6 Bxc3 27. Qc4 Bg7 28. Rxg6 Qc5 29. Rxg7+ Kxg7 30. Bb2+ Kg8 31. Qe2 Qc2 32. Rd2 Qxe4 33. Qxe4 Rxe4 34. Nh4 Ree8 35. Nf5 Nc5 36. Ne7+ Kf8 37. Nf5 Bxf5 38. Rxd8 Rxd8 39. Bc3 Rd3 40. Be5 Rd2 0-1

[Event "Kent Oliver mem"]
[Site "Winnipeg CAN"]
[Date "2000.01.08"]
[Round "2"]
[White "Xia, Yanchong"]
[Black "Nikouline, Alexandre"]
[Result "0-1"]
[WhiteElo "1768"]
[BlackElo "2085"]
[PlyCount "52"]
[GameId "2160767911741525"]
[EventDate "2000.01.07"]
[EventType "swiss"]
[EventRounds "5"]
[EventCountry "CAN"]

1. e4 e6 2. d4 d5 3. e5 c5 4. c3 Nc6 5. Nf3 Qb6 6. a3 Nge7 7. b4 cxd4 8. cxd4 Nf5 9. Bb2 Be7 10. Bd3 Bd7 11. Bxf5 exf5 12. O-O a5 13. Nc3 Be6 14. b5 a4 15. bxc6 Qxb2 16. Qd3 Qb6 17. cxb7 Qxb7 18. Rfb1 Qd7 19. Rb5 O-O 20. Rab1 Rfc8 21. Rb7 Rc7 22. Rb8+ Rxb8 23. Rxb8+ Rc8 24. Rxc8+ Qxc8 25. h3 Qc6 26. Ne1 Bxa3 0-1

[Event "Kent Oliver mem"]
[Site "Winnipeg CAN"]
[Date "2000.01.08"]
[Round "3"]
[White "Khedkar, Jay"]
[Black "Gushuliak, Justin"]
[Result "0-1"]
[WhiteElo "1950"]
[BlackElo "2097"]
[PlyCount "110"]
[GameId "2160767911741527"]
[EventDate "2000.01.07"]
[EventType "swiss"]
[EventRounds "5"]
[EventCountry "CAN"]

1. e4 c5 2. Nf3 d6 3. d4 cxd4 4. Nxd4 Nf6 5. Nc3 Nc6 6. Bg5 e6 7. Qd2 a6 8. O-O-O h6 9. Be3 Bd7 10. f4 b5 11. Bd3 Rc8 12. Rhe1 Na5 13. Bg1 b4 14. Nce2 Nc4 15. Bxc4 Rxc4 16. Qd3 Qc8 17. Kb1 Be7 18. Ng3 O-O 19. e5 dxe5 20. fxe5 Nd5 21. Ndf5 exf5 22. Qxd5 Rd8 23. Bb6 Rc7 24. Bxc7 Qxc7 25. Qf3 g6 26. Qe2 Qb7 27. Rd4 Be6 28. Rxd8+ Bxd8 29. Rd1 Be7 30. Qf3 Qb8 31. Qe3 Bg5 32. Qd4 Qb7 33. h4 Be7 34. h5 Kh7 35. hxg6+ fxg6 36. Ne2 g5 37. Qd3 Bc5 38. g4 Qe4 39. gxf5 Qxd3 40. Rxd3 Bxf5 41. Rd5 Be7 42. e6 Kg6 43. Nd4 Be4 44. Re5 Bb7 45. Rf5 Bf6 46. Rf1 Bxd4 47. e7 Bc6 48. Rf8 g4 49. e8=Q+ Bxe8 50. Rxe8 g3 51. Re4 Bf2 52. Rg4+ Kf5 53. Rg8 h5 54. c4 bxc3 55. bxc3 h4 0-1

[Event "Kent Oliver mem"]
[Site "Winnipeg CAN"]
[Date "2000.01.08"]
[Round "3"]
[White "Langner, David"]
[Black "Babb, Jeff"]
[Result "1/2-1/2"]
[WhiteElo "2275"]
[BlackElo "2140"]
[PlyCount "35"]
[GameId "2160767911741529"]
[EventDate "2000.01.07"]
[EventType "swiss"]
[EventRounds "5"]
[EventCountry "CAN"]
[SourceTitle "EXT 2001"]
[Source "ChessBase"]
[SourceDate "2000.11.22"]
[SourceVersion "1"]
[SourceVersionDate "2000.11.22"]
[SourceQuality "1"]

1. e4 e5 2. Nf3 Nc6 3. Bb5 Nd4 4. Nxd4 exd4 5. O-O c6 6. Be2 Bc5 7. d3 d5 8. Nd2 Nf6 9. Nb3 Bb6 10. c3 c5 11. cxd4 cxd4 12. Bg5 h6 13. Bxf6 Qxf6 14. Bg4 dxe4 15. dxe4 Be6 16. Bxe6 fxe6 17. Qh5+ Qf7 18. Qb5+ 1/2-1/2

[Event "Kent Oliver mem"]
[Site "Winnipeg CAN"]
[Date "2000.01.08"]
[Round "3"]
[White "Lukic, Luka"]
[Black "Kaptsan, Aron"]
[Result "0-1"]
[WhiteElo "1952"]
[BlackElo "2108"]
[PlyCount "120"]
[GameId "2160767911741530"]
[EventDate "2000.01.07"]
[EventType "swiss"]
[EventRounds "5"]
[EventCountry "CAN"]

1. c4 c5 2. Nf3 g6 3. g3 Bg7 4. Bg2 Nc6 5. O-O e6 6. e3 Nge7 7. d4 cxd4 8. exd4 d5 9. c5 O-O 10. Nc3 b6 11. Na4 bxc5 12. Nxc5 Qb6 13. Nb3 Rd8 14. Bd2 a5 15. Bc3 a4 16. Nc5 a3 17. b4 Nf5 18. Rb1 Bd7 19. Re1 Be8 20. Qd2 Nd6 21. Bf1 Nb5 22. Ba1 Ne7 23. g4 Nc8 24. h4 Ncd6 25. h5 Bc6 26. h6 Ne4 27. Qe3 Bh8 28. Bd3 Nbd6 29. Qf4 Bb5 30. Ne5 Bxd3 31. Nexd3 Qb5 32. f3 Nf6 33. Ne5 Nfe8 34. Rb3 Ra7 35. Qe3 Rda8 36. Kf2 Nc4 37. Qe2 Ned6 38. Ned3 Re8 39. Qc2 Qb6 40. f4 Qd8 41. Kg3 g5 42. Qc1 Bf6 43. Rh1 gxf4+ 44. Nxf4 Kh8 45. Rh5 Rg8 46. Kh3 Rg5 47. Rf3 Qe7 48. Qe1 Ra8 49. Qf2 Rxh5+ 50. Nxh5 Bg5 51. Nf6 Qf8 52. Nh5 Qxh6 53. Rxf7 Nxf7 54. Qxf7 Rf8 55. Qxe6 Qxe6 56. Nxe6 Rg8 57. Bc3 Re8 58. Nxg5 Re3+ 59. Kh4 Rxc3 60. Ne6 Rc2 0-1

[Event "Kent Oliver mem"]
[Site "Winnipeg CAN"]
[Date "2000.01.08"]
[Round "3"]
[White "Nikouline, Alexandre"]
[Black "Gentes, Kevin"]
[Result "0-1"]
[WhiteElo "2085"]
[BlackElo "2342"]
[PlyCount "44"]
[GameId "2160767911741531"]
[EventDate "2000.01.07"]
[EventType "swiss"]
[EventRounds "5"]
[EventCountry "CAN"]

1. e4 c5 2. Nf3 d6 3. d4 cxd4 4. Nxd4 Nf6 5. Nc3 a6 6. Be2 e6 7. O-O Be7 8. Be3 O-O 9. f4 Qc7 10. g4 Re8 11. g5 Nfd7 12. f5 Ne5 13. f6 Bf8 14. Bd3 b5 15. Qh5 g6 16. Qe2 b4 17. Na4 Nbd7 18. h4 Bb7 19. h5 d5 20. hxg6 Nxg6 21. Qh5 Qg3+ 22. Kh1 dxe4 0-1

[Event "Kent Oliver mem"]
[Site "Winnipeg CAN"]
[Date "2000.01.09"]
[Round "4"]
[White "Gannon, Keith"]
[Black "Gibson, Kris"]
[Result "1/2-1/2"]
[WhiteElo "1650"]
[BlackElo "1832"]
[PlyCount "133"]
[GameId "2160767911741533"]
[EventDate "2000.01.07"]
[EventType "swiss"]
[EventRounds "5"]
[EventCountry "CAN"]

1. d4 d5 2. e3 c5 3. Nf3 Nf6 4. Be2 cxd4 5. exd4 Bg4 6. O-O Nc6 7. Nc3 e6 8. a3 h5 9. Re1 Bd6 10. Nb5 Bb8 11. Bg5 a6 12. Nc3 Bxf3 13. Bxf3 Qd6 14. g3 h4 15. Bf4 Qd8 16. Bxb8 Rxb8 17. g4 h3 18. b4 Kf8 19. b5 axb5 20. Nxb5 Rh4 21. Rb1 Nxg4 22. Bxg4 Qg5 23. Rb3 f5 24. Kh1 Rxg4 25. Rxh3 Qf4 26. Rh8+ Kf7 27. Rxb8 Nxb8 28. f3 Rh4 29. Qe2 Rh6 30. c3 Nc6 31. Rg1 Ne7 32. Qg2 g6 33. Qg3 Qxg3 34. Rxg3 b6 35. Nd6+ Kg8 36. a4 Rh4 37. Rg1 e5 38. Rd1 Nc6 39. Nc8 exd4 40. cxd4 Nxd4 41. Kg2 Nc2 42. Kg3 Rxa4 43. Nxb6 f4+ 44. Kh4 Ne3 45. Rxd5 Nxd5 46. Nxa4 Kf7 47. Nc5 Kf6 48. Ne4+ Kf5 49. Nd6+ Ke5 50. Nf7+ Kf6 51. Ng5 Ne3 52. Ne4+ Kf5 53. Nd6+ Ke6 54. Ne4 Ke5 55. Kg5 Ng2 56. h4 Ne1 57. Nd2 Ng2 58. h5 gxh5 59. Kxh5 Kd4 60. Kg4 Ke3 61. Nc4+ Kf2 62. Nd6 Ke2 63. Nc8 Ke3 64. Ne7 Nh4 65. Nd5+ Kf2 66. Kxh4 Kxf3 67. Nxf4 1/2-1/2

[Event "Kent Oliver mem"]
[Site "Winnipeg CAN"]
[Date "2000.01.09"]
[Round "4"]
[White "Gentes, Kevin"]
[Black "Babb, Jeff"]
[Result "1-0"]
[WhiteElo "2298"]
[BlackElo "2140"]
[PlyCount "139"]
[GameId "2160767911741534"]
[EventDate "2000.01.07"]
[EventType "swiss"]
[EventRounds "5"]
[EventCountry "CAN"]
[SourceTitle "EXT 2001"]
[Source "ChessBase"]
[SourceDate "2000.11.22"]
[SourceVersion "1"]
[SourceVersionDate "2000.11.22"]
[SourceQuality "1"]

1. d4 Nf6 2. c4 g6 3. Nc3 Bg7 4. Nf3 O-O 5. Bf4 d6 6. h3 Nc6 7. e3 a6 8. Be2 Qe8 9. O-O e5 10. Bh2 h5 11. a3 Bf5 12. Re1 Qe7 13. b4 Rad8 14. Bf1 Rfe8 15. Qb3 exd4 16. exd4 Qd7 17. d5 Na7 18. Rad1 Rxe1 19. Nxe1 Re8 20. Nf3 Nc8 21. Nd4 Ne7 22. Re1 Nc8 23. Rxe8+ Nxe8 24. Qd1 Ne7 25. Bf4 Nf6 26. f3 Qd8 27. g4 hxg4 28. hxg4 Bc8 29. Be3 Qd7 30. Be2 Qe8 31. Qd2 Kf8 32. Kg2 Neg8 33. a4 Ne7 34. a5 Kg8 35. Kg3 Qd7 36. Nd1 Nh5+ 37. Kf2 Nf6 38. Kg2 Kf8 39. Nf2 Kg8 40. f4 Kf8 41. Bf3 Qe8 42. Ne2 Kg8 43. Ng3 Qd7 44. Bd4 Kf8 45. Qc3 Ne8 46. Bxg7+ Nxg7 47. Nge4 Ng8 48. c5 f5 49. Nf6 Nxf6 50. Qxf6+ Kg8 51. Qxg6 dxc5 52. bxc5 Qb5 53. Qf6 Qxc5 54. Qd8+ Qf8 55. Qxc7 fxg4 56. Bxg4 Nf5 57. Bxf5 Qxf5 58. Qe7 Qc2 59. Qe8+ Kg7 60. Qe5+ Kf7 61. Kg3 Qg6+ 62. Kf3 Qc2 63. d6 Qb3+ 64. Ke4 Qa4+ 65. Ke3 Qb3+ 66. Nd3 Be6 67. Qe4 Kf8 68. f5 Bc8 69. Qe7+ Kg8 70. Qe8+ 1-0